000 nam a22 7a 4500
999 _c129214
_d129214
008 190314b xxu||||| |||| 00| 0 eng d
020 _a0-674-76802-7
050 _aTS542.L24 1983
100 _aLandes, David S.
_945247
245 _aRevolution in time
_bclocks and the making of the morden world
_cDavid S. Landes
260 _aMassachusetts
_bHarvad University Press
_cc1983
300 _axviii, 482p. ;
_c24cm.
650 _aClocks and wacthes
_xHistory
_945248
650 _aHorology
_xHistory
_945249
942 _2lcc
_cMONOGRAPH